000 00668nam a2200253 i 4500
001 C2-0118527
003 PPAK
005 20180727111318.0
008 970803s1985 enka|||| ||||| | eng d
020 _a0091627613
040 _aPPAK
_beng
_cPPAK
_erda
082 0 4 _a796.343
_223
090 0 0 _a796.343
_bKHA
_dG
090 0 0 _a796.343
_bKHA
_dR
100 1 _aKhan, Jahangir,
_eauthor
245 1 0 _aWinning squash
264 1 _aLondon :
_bStanley Paul & Co. Ltd.. ,
_c1985
300 _a92 pages :
_billustrations ;
_c24 cm
336 _2rdacontent
_atext
337 _2rdamedia
_aunmediated
338 _2rdacarrier
_avolume
650 1 0 _aTitle
942 _ddc
_cB
999 _c32338
_d32338